| 000 | 01346pam a2200313 a 4500 | ||
|---|---|---|---|
| 005 | 20160107031943.0 | ||
| 008 | 900618s1991 enkab b 001 0 eng | ||
| 020 |
_a0198577303 : _c$105.00 |
||
| 040 |
_aDLC _cDLC _dCO-BoIAVH |
||
| 041 | _aeng | ||
| 044 | _axxu | ||
| 082 | 0 | 0 |
_a639.978 _bB61b |
| 245 | 0 | 0 |
_aBird population studies : _brelevance to conservation and management / _cedited by C.M. Perrins, J.-D. Lebreton, G.J.M. Hirons. |
| 260 |
_aOxford ; _aNew York : _bOxford University Press, _c1991. |
||
| 300 |
_axvi, 683 paginas. : _bilustraciones., mapas _c23 x 15 cm. |
||
| 504 | _aIncludes bibliographical references and index. | ||
| 650 | 0 |
_aBird populations. _947418 |
|
| 650 | 0 |
_aBirds _xConservation. _947425 |
|
| 650 | 0 |
_aAves _xConservación _947426 |
|
| 650 | 4 |
_apoblaciones de aves. _947427 |
|
| 700 | 1 |
_aPerrins, Christopher M. _947422 |
|
| 700 | 1 |
_aLebreton, J. D. _q(Jean-Dominique) _947428 |
|
| 700 | 1 |
_aHirons, G. J. M. _947424 |
|
| 856 | 4 | 2 |
_3Publisher description _uhttp://www.loc.gov/catdir/enhancements/fy0636/90041974-d.html |
| 856 | 4 | 1 |
_3Table of contents only _uhttp://www.loc.gov/catdir/enhancements/fy0636/90041974-t.html |
| 906 |
_a7 _bcbc _corignew _d1 _eocip _f19 _gy-gencatlg |
||
| 942 |
_2ddc _cLIBRO |
||
| 999 |
_c4999 _d4999 |
||